000 01018cam a2200301 ib4500
001 1140813
003 YEEZEN
005 20250724152306.0
008 241113s2024 ch e 000 0 chi d
020 _a9786269879809
_q(平裝) :
_cNT$420
040 _aPTTCL
_bchi
_cPTTCL
_eCCR
042 _anbic
084 _a429
_2ncsclt
090 _a429
100 1 _a林慶順
245 1 0 _a生活中的僞科學 :
_b頂尖醫學期刊評審以科學證據破解智商稅產品和危言聳聽的健康資訊 = Stupid tax & health rumors /
_c林慶順著
246 1 _a頂尖醫學期刊評審以科學證據破解智商稅產品和危言聳聽的健康資訊
246 3 1 _aStupid tax & health rumors.
250 _a初版
260 _a臺北市 :
_b一心文化,
_c2024.08
300 _a315 面 ;
_c23 公分
490 0 _aScience ;
_v008.
490 0 _a餐桌上的偽科學系列 ;
_v6.
500 _a附錄 : 資料來源
650 7 _a家庭醫學
_2lcstt.
650 7 _a保健常識
_2lcstt.
942 _2ccl
_cBOOK
999 _c7665
_d7665